Online
Catalog

Cedimat / (Record no. 58101)

MARC details
000 -CABECERA
campo de control de longitud fija 02124nab a2200313 a 4500
005 - FECHA Y HORA DE LA ÚLTIMA TRANSACCIÓN
campo de control 20250224110756.0
007 - CAMPO FIJO DE DESCRIPCIÓN FÍSICA--INFORMACIÓN GENERAL
campo de control de longitud fija ta
008 - DATOS DE LONGITUD FIJA--INFORMACIÓN GENERAL
campo de control de longitud fija 250206e2016 dr fr|p|r||||||0| 00spa d
022 ## - NÚMERO INTERNACIONAL NORMALIZADO PARA PUBLICACIONES SERIADAS
Número Internacional Normalizado para Publicaciones Seriadas 2078-4929
040 ## - FUENTE DE LA CATALOGACIÓN
Centro catalogador/agencia de origen DO-SdBNP
Centro/agencia transcriptor DO-SdBNP
Normas de descripción rda
041 ## - CÓDIGO DE LENGUA
Código de lengua original spa
100 ## - ENTRADA PRINCIPAL--NOMBRE DE PERSONA
Nombre de persona Ortega González, Carmen
9 (RLIN) 34366
Término indicativo de función/relación texto
245 ## - MENCIÓN DE TÍTULO
Título Cedimat /
Mención de responsabilidad, etc. Carmen Ortega González, texto ; fotos: Fernando Calzada.
264 ## - PRODUCCIÓN, PUBLICACIÓN, DISTRIBUCIÓN, FABRICACIÓN Y COPYRIGHT
Producción, publicación, distribución, fabricación y copyright Santo Domingo, República Dominicana :
Nombre del de productor, editor, distribuidor, fabricante Arquitexto,
Fecha de producción, publicación, distribución, fabricación o copyright 2016.
300 ## - DESCRIPCIÓN FÍSICA
Extensión páginas, 62 :
Otras características físicas ilustraciones, fotografías ;
Dimensiones 27 cm.
336 ## - TIPO DE CONTENIDO
Término de tipo de contenido texto
Código de tipo de contenido txt
Fuente rdacontent
337 ## - TIPO DE MEDIO
Nombre/término del tipo de medio sin mediación
Código del tipo de medio n
Fuente rdamedia
338 ## - TIPO DE SOPORTE
Nombre/término del tipo de soporte volumen
Código del tipo de soporte nc
Fuente rdacarrier
362 ## - FECHAS DE PUBLICACIÓN Y/O DESIGNACIÓN SECUENCIAL
Fecha de publicación y/o designación secuencial Año 30, Número 92, (enero-marzo, 2016).
521 ## - NOTA DE PÚBLICO DESTINATARIO
Nota de público destinatario Este centro de Cedimat está orientado al tratamiento de cardiopatías congénitas y adquiridas para todas las edades, a estimular el turismo de salud y a desarrollar programas de formación académica. El concepto de lograr una “arquitectura para sanar” llevó a la búsqueda de soluciones físicas y ambientales que cumplieran estrictos códigos y estándares internacionales.<br/><br/>El edificio principal consta de ocho niveles, incluyendo un sótano. El hospital posee 180 camas de internamiento, cinco quirófanos (tres para adultos y dos pediátricos), cuatro salas de hemodinámica, una central de esterilización, 35 unidades de cuidados intensivos y todas las instalaciones de un hospital de tercer nivel, es decir hospital de referencia o altamente especializado al que llegan pacientes remitidos por los hospitales regionales....
522 ## - NOTA DE ÁMBITO GEOGRÁFICO
Nota de ámbito geográfico República Dominicana.
650 #0 - PUNTO DE ACCESO ADICIONAL DE MATERIA--TÉRMINO DE MATERIA
Término de materia o nombre geográfico como elemento de entrada Neurorradiología
9 (RLIN) 86946
Subdivisión de forma Publicaciones periódicas
Subdivisión geográfica República Dominicana
650 #0 - PUNTO DE ACCESO ADICIONAL DE MATERIA--TÉRMINO DE MATERIA
Término de materia o nombre geográfico como elemento de entrada Salud
Subdivisión de forma Publicaciones periódicas
Subdivisión geográfica República Dominicana
9 (RLIN) 1687
700 ## - PUNTO DE ACCESO ADICIONAL--NOMBRE DE PERSONA
Nombre de persona Calzada, Fernando
9 (RLIN) 69597
Término indicativo de función/relación fotos
710 ## - PUNTO DE ACCESO ADICIONAL--NOMBRE DE ENTIDAD CORPORATIVA
Nombre de entidad corporativa o nombre de jurisdicción como elemento de entrada Centros de Diagnóstico y Medicina Avanzada y de Conferencias Médicas y Telemedicina (CEDIMAT)
9 (RLIN) 63406
773 0# - ENLACE AL DOCUMENTO FUENTE/ENTRADA DE REGISTRO ANFITRIÓN
Número bibliográfico anfitrión 36884
Número de ítem anfitrión 320374
Encabezamiento principal Arquitexto
Otro identificador del documento 2025-0710
Título Arquitexto. :
Número de control del registro (DO-SdBNP)000037394
Número Internacional Normalizado para Publicaciones Seriadas 2078-4929
856 ## - LOCALIZACIÓN Y ACCESO ELECTRÓNICOS
Identificador Uniforme del Recurso <a href="https://arquitexto.com/2016/01/cedimat/">https://arquitexto.com/2016/01/cedimat/</a>
942 ## - ELEMENTOS DE PUNTO DE ACCESO ADICIONAL (KOHA)
Fuente del sistema de clasificación o colocación Dewey Decimal Classification
Tipo de ítem Koha Publicación periódica

No items available.

Powered by Koha